00444nam a22001095a 4500999001300000020002200013245004200035260011600077300001300193942000700206952012100213 c678d678 a9781328320 (pbk.)00aSurvey of Nigerian affairs, 1978-79 / aIbadan :bNigerian Institute of International Affairs in co-operation with Macmillan Nigeria Publishers,c1988. a375 p. ; cBK 0010406325_000000000000000708NFIC9916a01b01cGENd2017-02-08ePurchaseo325p1761r2017-02-08w2017-02-08yBK